[Event "Hajduszoboszlo op 2nd"]
[Site "Hajduszoboszlo"]
[Date "2024.02.10"]
[Round "4"]
[White "Papp, Kinga"]
[Black "Kovacs, Balazs Zoltan"]
[Result "0-1"]
[WhiteElo "1188"]
[BlackElo "1626"]
[PlyCount "78"]
[EventDate "2024.02.08"]
[EventType "swiss"]
[EventRounds "7"]
[EventCountry "HUN"]
[SourceTitle "CB08_2024"]
[SourceDate "2024.02.21"]
[SourceVersion "1"]
[SourceVersionDate "2024.02.21"]
[SourceQuality "1"]

1. e4 e5 2. Nf3 Nc6 3. Nc3 Nf6 4. d4 exd4 5. Nxd4 Bb4 6. Nxc6 bxc6 7. Bd3 d5 8. exd5 cxd5 9. 0-0 0-0 10. Bg5 Bb7 11. Qf3 Be7 12. Rfe1 h6 13. Bh4 Rb8 14. Qe2 Bb4 15. a3 Bxc3 16. bxc3 Qd6 17. Bg3 Qc6 18. Qe7 Rbc8 19. Qb4 d4 20. f3 dxc3 21. Be5 Nd5 22. Qg4 Nf6 23. Qf5 Qc5+ 24. Kh1 Rcd8 25. Bxf6 Qxf5 26. Bxf5 gxf6 27. h3 Rfe8 28. Rxe8+ Rxe8 29. Bd3 Re6 30. Rb1 Ba6 31. Rc1 Bxd3 32. cxd3 Rc6 33. Rc2 Kf8 34. Kg1 Ke7 35. Kf2 Kd6 36. Ke3 Kd5 37. g4 Re6+ 38. Kf2 Kd4 39. Re2 Kxd3 0-1

[Event "Hajduszoboszlo op 2nd"]
[Site "Hajduszoboszlo"]
[Date "2024.02.09"]
[Round "3"]
[White "Gyorgy, Balazs1"]
[Black "Papp, Kinga"]
[Result "1/2-1/2"]
[WhiteElo "1514"]
[BlackElo "1188"]
[PlyCount "22"]
[EventDate "2024.02.08"]
[EventType "swiss"]
[EventRounds "7"]
[EventCountry "HUN"]
[SourceTitle "CB08_2024"]
[SourceDate "2024.02.21"]
[SourceVersion "1"]
[SourceVersionDate "2024.02.21"]
[SourceQuality "1"]

1. e4 c5 2. Nf3 d6 3. d4 cxd4 4. Nxd4 Nf6 5. Nc3 g6 6. Be3 Bg7 7. f3 0-0 8. Qd2 Nc6 9. 0-0-0 d5 10. exd5 Nxd5 11. Nxd5 Qxd5 1/2-1/2